International Court of Justice Dispute Resolution (Non) Compliance A Case of Kenya- Somalia Maritime Border Dispute 2014- 2021
Saved in:
| Main Author: | |
|---|---|
| Format: | Book |
| Language: | English |
| Published: |
Nairobi
Daystar University
2024
|
| Subjects: | |
| Tags: |
No Tags, Be the first to tag this record!
|
MARC
| LEADER | 00000nam a22000007a 4500 | ||
|---|---|---|---|
| 003 | OSt | ||
| 005 | 20250827150153.0 | ||
| 008 | 250827b |||||||| |||| 00| 0 eng d | ||
| 040 | |a DUL |b Eng |c DUL |d GKanini | ||
| 050 | |a JZ5584.K4M33 2024 | ||
| 100 | |a Bukasu, Mbalasi Hephzibar |e author | ||
| 245 | |a International Court of Justice Dispute Resolution (Non) Compliance |b A Case of Kenya- Somalia Maritime Border Dispute 2014- 2021 |c by Mbalasi Hephzibar Bukasu | ||
| 260 | |a Nairobi |b Daystar University |c 2024 | ||
| 300 | |a xii, 123 p |b ill | ||
| 500 | |a A thesis presented for the School of Arts and Humanities of Daystar University Nairobi Kenya in partial fulfilment of the requirements for the degree of Master of Arts in Diplomacy, Development, and Security studies. | ||
| 650 | |a international relations |v maritime border | ||
| 942 | |2 lcc |c THES |h JZ5584 |i .K4M33 |k THES |m 2024 |6 JZ5584 K4 M33 | ||
| 952 | |0 0 |1 0 |2 lcc |4 0 |6 JZ5584 K4 M33 02024 |7 0 |8 AFR |9 143910 |a DUA |b DUA |c AFR |d 2025-08-27 |e Daystar University |g 2500.00 |l 0 |o JZ5584.K4M33 2024 |p BK0113172 |r 2025-08-27 15:02:35 |w 2025-08-27 |x 113172 |y THES | ||
| 952 | |0 0 |1 0 |2 lcc |4 0 |6 JZ5584 K4 M33 02024 |7 0 |8 AFR |9 143911 |a DUN |b DUN |c AFR |d 2025-08-27 |e Daystar University |g 2500.00 |l 0 |o JZ5584.K4M33 2024 |p BK0113173 |r 2025-08-27 15:02:00 |w 2025-08-27 |x 113173 |y THES | ||
| 999 | |c 249063 |d 249062 | ||